| 000 | 02609njm0a22005291 4500 | ||
|---|---|---|---|
| 001 | RU\NLR\ONIZ\209004 | ||
| 005 | 20260406144857.0 | ||
| 035 | _a(NLR Aleph) 010889855 | ||
| 035 | _aRU\NLR\ONIZ\GALA\5000020703\20150227152002 | ||
| 090 |
_a13283183 _c13283183 |
||
| 100 | _a20150227d2012 |||y0rusy50 ca | ||
| 102 | _aRU | ||
| 126 |
_aaguxjxu ux _bxxx |
||
| 127 | _a000039 | ||
| 135 | _ahonoannnanndn | ||
| 200 | 1 |
_aРусь _bЗвукозапись _eпесни на стихи С. Есенина _fисполн. автор |
|
| 210 |
_aS. l. _cS.n. _d2012 |
||
| 215 | _a1 зв. диск (39 мин), в футл. | ||
| 300 | _a( CD в дар РНБ от автора) | ||
| 327 | 1 |
_a1. Что ж вы...; _a2. Эй вы соколы родные; _a3. Мониста; _a4. Край любимый; _a5. Дома не сидится; _a6. Тропинка; _a7. Родина; _a8. Дождь; _a9. Под венком; _a10. Ты играй, гармонь...; _a11. Я красивых таких не видел; _a12. Эх, ямщик |
|
| 464 | 0 |
_12001#$aДождь _tДождь |
|
| 464 | 0 |
_12001#$aДома не сидится _tДома не сидится |
|
| 464 | 0 |
_12001#$aКрай любимый _tКрай любимый |
|
| 464 | 0 |
_12001#$aМониста _tМониста |
|
| 464 | 0 |
_12001#$aПод венком _tПод венком |
|
| 464 | 0 |
_12001#$aРодина _tРодина |
|
| 464 | 0 |
_12001#$aТропинка _tТропинка |
|
| 464 | 0 |
_12001#$aТы играй, гармонь... _tТы играй, гармонь... |
|
| 464 | 0 |
_12001#$aЧто ж вы... _tЧто ж вы... |
|
| 464 | 0 |
_12001#$aЭй вы соколы родные _tЭй вы соколы родные |
|
| 464 | 0 |
_12001#$aЭх, ямщик _tЭх, ямщик |
|
| 464 | 0 |
_12001#$aЯ красивых таких не видел _tЯ красивых таких не видел |
|
| 606 | 1 |
_aАвторская песня _xЗвукозапись _yРоссия _2nlr_sh |
|
| 686 |
_aЩ943.4, 8(2) _vLBC/SL _2rubbk |
||
| 700 | 1 |
_9z01790 _aКононов _bЮ. _gЮрий _4590 |
|
| 702 | 1 |
_4520 _7ca _8rus _aЕсенин _bС. А. _f1895-1925 _gСергей Александрович _9114357 _3RU\NLR\AUTH\774376 |
|
| 790 | 1 |
_9z01700 _aKononov _bYu. _gYurij _4590 |
|
| 790 | 1 |
_4520 _7ca _8rus _aEsenin _bS. A. _f1895-1925 _gSergej Aleksandrovič _9381 _3RU\NLR\AUTH\7717292 |
|
| 801 | 0 |
_aRU _bNLR _c20150227 _gPSBO |
|
| 801 | 1 |
_aRU _bNLR _c20150227 _2rusmarc |
|
| 801 | 2 |
_aRU _bNLR _c20160603 |
|
| 852 |
_aNLR _bМг _jД/1988 _p4116 _t1 |
||
| 942 | _cREC | ||
| 980 | _aNB | ||
| 980 | _aONIZ | ||